Married and single life /
A practical guide for planning and preparing for life as a single adult, as a married couple, and as part of a family or other group arrangements.
Kaydedildi:
| Yazar: | |
|---|---|
| Diğer Yazarlar: | , , |
| Materyal Türü: | Sách giấy |
| Baskı/Yayın Bilgisi: |
Peoria, Ill. :
Bennett Pub. Co.,
1984
|
| Konular: | |
| Etiketler: |
Etiketle
Etiket eklenmemiş, İlk siz ekleyin!
|
| Thư viện lưu trữ: | Thư viện Trường Đại học Đà Lạt |
|---|
| LEADER | 01411nam a2200457 4500 | ||
|---|---|---|---|
| 001 | DLU060057433 | ||
| 005 | ##20061211 | ||
| 008 | ##830425s1984 ilua j 001 0 eng | ||
| 010 | # | # | |a 83071453 |
| 020 | # | # | |a 0026650401 |
| 035 | # | # | |9 (DLC) 83071453 |
| 040 | # | # | |a DLC |c DLC |d DLC |
| 042 | # | # | |a lcac |
| 050 | # | # | |a HQ728 |b .R54 1984 |
| 082 | # | # | |a 306.8 |b RI-A |
| 100 | # | # | |a Riker, Audrey Palm |
| 245 | # | # | |a Married and single life / |c Audrey Palm Riker, Holly E. Brisbane ; Charles Riker, consulting editor |
| 260 | # | # | |a Peoria, Ill. : |b Bennett Pub. Co., |c 1984 |
| 300 | # | # | |a 416 p. : |b ill. (some col.) ; |c 24 cm |
| 500 | # | # | |a Includes index. |
| 500 | # | # | |a Rev. ed. of: Married life. 2nd ed. c1976. |
| 520 | # | # | |a A practical guide for planning and preparing for life as a single adult, as a married couple, and as part of a family or other group arrangements. |
| 650 | # | # | |a Family life education. |
| 650 | # | # | |a Marriage. |
| 650 | # | # | |a Single people. |
| 650 | # | # | |a Family life education. |
| 650 | # | # | |a Marriage. |
| 650 | # | # | |a Single people. |
| 700 | # | # | |a Brisbane, Holly E. |
| 700 | # | # | |a Riker, Audrey Palm. |t Married life. |
| 700 | # | # | |a Riker, Charles. |
| 923 | # | # | |a 30/2006 |
| 992 | # | # | |a 13.000 |
| 994 | # | # | |a DLU |
| 900 | # | # | |a True |
| 911 | # | # | |a Đào Thị Thu Huyền |
| 925 | # | # | |a G |
| 926 | # | # | |a A |
| 927 | # | # | |a SH |
| 980 | # | # | |a Thư viện Trường Đại học Đà Lạt |


